| 000 | 00967nam a22001935i 4500 | ||
|---|---|---|---|
| 001 | 156836 | ||
| 003 | ES-MaACL | ||
| 005 | 20230906210517.0 | ||
| 008 | 040805s1848 fr a |||| | fre d | ||
| 040 |
_aCAM _bspa _cCAM |
||
| 100 | 1 |
_aLachèz, Théodore. _9128559 |
|
| 245 | 1 | 0 |
_aAcoustique et optique des salles de réunions publiques, théatres et amphithéatres, spectacles, concerts, etc. _b: suivies d'unprojet de salle d'assemblée constituante pour neuf cents membres (accompagnée de trois planches gravées sur ouivre) / _cpar Théodore Lachèz. |
| 260 |
_aParis : _bl'auteur : _bLemoine libraire, _c1848 ( _fImprimerie d'E. Duverger) |
||
| 300 |
_a137 p., [3] h. pleg. de lám. ; _c21 cm. |
||
| 599 | _aLas h. de lám. pleg. grab. calc. sobre teatros, anfiteatros y salas de reuniones. | ||
| 650 | 4 |
_aAcústica. _9135495 |
|
| 650 | 4 |
_aOptica. _915726 |
|
| 852 |
_aES-MaACL _jR-1370(5) _z-- Enc. hol. _z-- Enc. en un vol. facticio _z.- Donat. Mateo Seoane |
||
| 999 |
_c156836 _d156836 |
||